[Event "Regionalliga SW 1213"]
[Site "Bayern"]
[Date "2013.04.14"]
[Round "9.8"]
[White "Knipping, Paul"]
[Black "Reger, Klaus"]
[Result "1-0"]
[WhiteElo "1884"]
[BlackElo "1700"]
[PlyCount "99"]
[EventDate "2012.10.14"]
[EventType "team-tourn"]
[EventRounds "9"]
[EventCountry "GER"]
[SourceTitle "EXT 2015"]
[Source "ChessBase"]
[SourceDate "2014.11.20"]
[SourceVersion "1"]
[SourceVersionDate "2014.11.20"]
[SourceQuality "1"]
[WhiteTeam "Muenchen RTA"]
[BlackTeam "Sendling"]
[WhiteTeamCountry "GER"]
[BlackTeamCountry "GER"]

1. d4 d5 2. c4 c6 3. Nc3 e6 4. e3 Nf6 5. Nf3 Nbd7 6. Bd3 dxc4 7. Bxc4 b5 8. Bd3 Bb7 9. 0-0 a6 10. a4 b4 11. Na2 a5 12. Bd2 c5 13. Qe2 Be7 14. Nc1 0-0 15. Nb3 Ne4 16. Rfd1 cxd4 17. Nfxd4 Qb6 18. Be1 Rfd8 19. Bb5 Ndc5 20. f3 Nf6 21. Bf2 Bd5 22. e4 Bb7 23. Rac1 Nxb3 24. Nxb3 Rxd1+ 25. Qxd1 Qd8 26. g4 h6 27. Qxd8+ Bxd8 28. Nc5 Rc8 29. Nd3 Rxc1+ 30. Nxc1 Bc8 31. Kf1 Bd7 32. Bxd7 Nxd7 33. Ke2 Kf8 34. Nd3 Ke7 35. b3 Kd6 36. Nb2 Kc6 37. Nc4 f6 38. Kd3 Nc5+ 39. Bxc5 Kxc5 40. h4 g5 41. h5 Bc7 42. e5 fxe5 43. Ke4 Kc6 44. Nxe5+ Bxe5 45. Kxe5 Kc5 46. Ke4 Kd6 47. f4 gxf4 48. g5 Ke7 49. gxh6 Kf6 50. Kxf4 1-0